Case news (Record no. 75759)

MARC details
000 -LEADER
fixed length control field 01242cab a2200193 4500
001 - CONTROL NUMBER
control field L130656
008 - FIXED-LENGTH DATA ELEMENTS--GENERAL INFORMATION
fixed length control field 050823n2005 000 0 eng u
035 ## - SYSTEM CONTROL NUMBER
System control number (Sirsi) u130656
041 ## - LANGUAGE CODE
Language code of text/sound track or separate title eng
100 ## - MAIN ENTRY--PERSONAL NAME
Personal name Gordon, Warren
245 ## - TITLE STATEMENT
Title Case news
Remainder of title N Smith v First SOS and another
260 ## - PUBLICATION, DISTRIBUTION, ETC.
Date of publication, distribution, etc. 2005
490 ## - SERIES STATEMENT
Series statement Property Week
Volume/sequential designation 70(32) 12 August 2005, 59(1)
520 ## - SUMMARY, ETC.
Summary, etc. Discusses the appeal, N Smith V First SOS and Mid-Bedfordshire DC ([2005] EWCA Civ 859, [2005] NPC 99). Despite enforcement notices being served on a site where planning permission for a gypsy caravan park had been refused, development continued. Appeals were made against the decision, but eventually a HC injunction was made granting the removal of all the occupants of the site. This injunction was delayed until this appeal was heard. Objection to the site was made on three points, crime, the shift from an authorised to unauthorised site, and competition for local work. The court found that evidence of these problems was not sufficient to establish real concern, and the matter was sent back to the SOS or reconsideration.
590 ## - LOCAL NOTE (RLIN)
Local note IKA300805
650 ## - SUBJECT ADDED ENTRY--TOPICAL TERM
Topical term or geographic name entry element N SMITH V SOS AND MID-BEDFORSHIRE DC
690 ## - LOCAL SUBJECT ADDED ENTRY--TOPICAL TERM (OCLC, RLIN)
Topical term or geographic name as entry element Planning and development
9 (RLIN) 6259
942 ## - ADDED ENTRY ELEMENTS (KOHA)
Suppress in OPAC 0
Holdings
Withdrawn status Lost status Source of classification or shelving scheme Damaged status Not for loan Home library Current library Shelving location Date acquired Total Checkouts Full call number Barcode Date last seen Copy number Price effective from Koha item type
    Dewey Decimal Classification     London London Journal article 23/08/2005   L130656 130656-1001 06/08/2019 1 06/08/2019 Journal article